|
|
|
|
| LEADER |
01878nam a2200373 a 4500 |
| 001 |
4506469 |
| 008 |
110615s1999 maua b 001 0 eng |
| 010 |
|
|
|a 98021173
|
| 020 |
|
|
|a 0072929901 (alk. paper)
|
| 020 |
|
|
|a 0075619423 (package)
|
| 020 |
|
|
|a 0072929979 (disc)
|
| 040 |
|
|
|a DLC
|c DLC
|d DLC
|d BD-DhAAL
|
| 050 |
0 |
0 |
|a HF5721
|b .L37 1999
|
| 082 |
0 |
0 |
|a 651.7/4
|2 21
|
| 100 |
1 |
|
|a Lesikar, Raymond Vincent.
|
| 245 |
1 |
0 |
|a Lesikar's basic business communication /
|c Raymond V. Lesikar, John D. Pettit, Jr., Marie E. Flatley.
|
| 246 |
3 |
0 |
|a Basic business communication
|
| 246 |
1 |
|
|i Title on disc:
|a Student workbook on CD-ROM to accompany Lesikar's basic business communication
|
| 250 |
|
|
|a 8th ed., International ed.
|
| 260 |
|
|
|a Boston :
|b Irwin/McGraw-Hill,
|c c1999.
|
| 300 |
|
|
|a xxi, 613 p. :
|b col. ill. ;
|c 29 cm. +
|e 1 computer laser optical disc (4 3/4 in.)
|
| 538 |
|
|
|a System requirements for accompanying computer disc: IBM PC, or 100% compatible with a 486/25 MHz processor, 8MB of RAM (16 MB recommended), double speed CD-RAM, Microsoft Window 95 and either Microsoft Explorer 3.0 or higher or Netscape Navigator 3.0 or higher.
|
| 504 |
|
|
|a Includes bibliographical references (p. [598]-606) and index.
|
| 541 |
|
|
|e 00009869
|
| 650 |
|
0 |
|a Commercial correspondence.
|
| 650 |
|
0 |
|a English language
|x Business English.
|
| 650 |
|
0 |
|a Business communication.
|
| 700 |
1 |
|
|a Pettit, John D.
|
| 700 |
1 |
|
|a Flatley, Marie Elizabeth.
|
| 852 |
1 |
|
|a Ayesha Abed Library
|c General Shelf.
|
| 942 |
0 |
0 |
|0 1
|
| 999 |
|
|
|c 10970
|d 10970
|
| 952 |
|
|
|0 0
|1 0
|2 ddc
|4 0
|6 651_740000000000000_LES
|7 0
|9 17180
|a BRACUL
|b BRACUL
|c GEN
|d 2011-06-15
|l 23
|m 179
|o 651.74 LES
|p 3010009869
|r 2024-03-13
|s 2024-02-28
|t 1
|w 2011-06-15
|y BK
|
| 952 |
|
|
|0 0
|1 0
|2 ddc
|4 0
|6 651_740000000000000_LES
|7 0
|9 17181
|a BRACUL
|b BRACUL
|c AV
|d 2011-06-15
|l 2
|o 651.74 LES
|p 4010009869
|r 2016-07-18
|s 2015-11-26
|t 1
|w 2011-06-15
|y AV
|